The competitive advantage and customer satisfaction of multi-purpose cooperativesin Digos City/ (Record no. 2895)
[ view plain ]
| 000 -LEADER | |
|---|---|
| fixed length control field | 00642nam a22001577a 4500 |
| 008 - FIXED-LENGTH DATA ELEMENTS--GENERAL INFORMATION | |
| fixed length control field | 160528b xxu||||| |||| 00| 0 eng d |
| 082 ## - DEWEY DECIMAL CLASSIFICATION NUMBER | |
| Edition number | 2013 |
| Classification number | UT 0650 |
| Item number | J17 |
| 100 ## - MAIN ENTRY--PERSONAL NAME | |
| 9 (RLIN) | 9624 |
| Personal name | Jadraque, Angel Lee R. |
| 245 ## - TITLE STATEMENT | |
| Title | The competitive advantage and customer satisfaction of multi-purpose cooperativesin Digos City/ |
| Statement of responsibility, etc. | Angel Lee R. Jadraque, Kristine Q. Navarro and gina A. Mendez. |
| 260 ## - PUBLICATION, DISTRIBUTION, ETC. (IMPRINT) | |
| Place of publication, distribution, etc. | Digos City: |
| Name of publisher, distributor, etc. | UMDC |
| Date of publication, distribution, etc. | December 2013. |
| 300 ## - PHYSICAL DESCRIPTION | |
| Extent | 52 pages; |
| Dimensions | 29 cm. |
| 650 #0 - SUBJECT ADDED ENTRY--TOPICAL TERM | |
| 9 (RLIN) | 9623 |
| Topical term or geographic name as entry element | Business Administration |
| Form subdivision | Marketing Management |
| General subdivision | Undergraduate thesis. |
| 700 ## - ADDED ENTRY--PERSONAL NAME | |
| 9 (RLIN) | 9621 |
| Personal name | Navarro, Kristine Q. |
| 700 ## - ADDED ENTRY--PERSONAL NAME | |
| 9 (RLIN) | 9622 |
| Personal name | Mendez, Gina A. |
| 942 ## - ADDED ENTRY ELEMENTS (KOHA) | |
| Source of classification or shelving scheme | Dewey Decimal Classification |
| Koha item type | Undergraduate Thesis |
| Withdrawn status | Lost status | Source of classification or shelving scheme | Damaged status | Not for loan | Collection code | Home library | Current library | Date acquired | Total Checkouts | Full call number | Barcode | Date last seen | Price effective from | Koha item type |
|---|---|---|---|---|---|---|---|---|---|---|---|---|---|---|
| Dewey Decimal Classification | Undergraduate Theses | UM Digos College - LIC | UM Digos College - LIC | 05/28/2016 | UT 0650 J17 2013 | UT0650 | 05/28/2016 | 05/28/2016 | Undergraduate Thesis |
